Giáo trình giáo dục và hội nhập quốc tế
Giáo trình Giáo dục và hội nhập quốc tế được biên soạn nhằm phục vụ cho học viên cao học chuyên ngành Lý luận và phương pháp dạy học bộ môn (Toán, Văn & Tiếng Việt…). Học phần Giáo dục Việt Nam và hội nhập quốc tế bao hàm phạm vi kie...
Gorde:
| Egile nagusia: | |
|---|---|
| Formatua: | Liburua |
| Hizkuntza: | Undetermined |
| Argitaratua: |
Cần Thơ
Nxb. Đại học Cần Thơ
2019
|
| Gaiak: | |
| Etiketak: |
Etiketa erantsi
Etiketarik gabe, Izan zaitez lehena erregistro honi etiketa jartzen!
|
| Thư viện lưu trữ: | Trung tâm Học liệu Trường Đại học Cần Thơ |
|---|
| LEADER | 01555nam a2200253Ia 4500 | ||
|---|---|---|---|
| 001 | CTU_232845 | ||
| 008 | 210402s9999 xx 000 0 und d | ||
| 020 | |c 50000 | ||
| 082 | |a 370.9597 | ||
| 082 | |b K308 | ||
| 100 | |a Bùi, Anh Kiệt | ||
| 245 | 0 | |a Giáo trình giáo dục và hội nhập quốc tế | |
| 245 | 0 | |c Bùi Anh Kiệt (chủ biên), Trần Thị Nâu | |
| 260 | |a Cần Thơ | ||
| 260 | |b Nxb. Đại học Cần Thơ | ||
| 260 | |c 2019 | ||
| 520 | |a Giáo trình Giáo dục và hội nhập quốc tế được biên soạn nhằm phục vụ cho học viên cao học chuyên ngành Lý luận và phương pháp dạy học bộ môn (Toán, Văn & Tiếng Việt…). Học phần Giáo dục Việt Nam và hội nhập quốc tế bao hàm phạm vi kiến thức rất rộng lớn và mang tính cập nhật thường xuyên. Do vậy, ban biên soạn hệ thống những vấn đề trọng tâm nhất, thiết thực cho học viên trong việc tự học và nghiên cứu để có thể vận dụng trong thực tiễn ghề nghiệp ở trường phổ thông. | ||
| 526 | |a Giáo dục và hội nhập quốc tế | ||
| 526 | |b SP689 | ||
| 650 | |a Education,International relations,Giáo dục | ||
| 650 | |z Vietnam,Việt Nam | ||
| 904 | |i Tuyến | ||
| 910 | |a Tuyến | ||
| 980 | |a Trung tâm Học liệu Trường Đại học Cần Thơ | ||